000 00611nam a22001937a 4500
003 OSt
005 20251106050635.0
008 251106b |||||||| |||| 00| 0 eng d
020 _a81-8061-898-6.
040 _aDWCL-Main lib
_cOC
082 _aCirc. 616.890231 B297p 2007
100 _aBasavanthappa, Bt
245 _aPsychiatric mental health nursing
_cBasavanthappa, Bt
260 _aNew Delhi :
_bJaypee Brothers Medical Pub. (P) Ltd.,
_cc2007.
300 _aviii, 760 pages :
_billustration ;
_c27 cm.
504 _aIncludes index.
650 _21. Mental health-Nursing.
942 _2ddc
_cBK-CIRC
_kCirc.
_n0
999 _c5566
_d5566